Interplay: the process of interpersonal communication. / (Record no. 5281)
[ view plain ]
| 000 -LEADER | |
|---|---|
| fixed length control field | 01148nam a22002177a 4500 |
| 008 - FIXED-LENGTH DATA ELEMENTS--GENERAL INFORMATION | |
| fixed length control field | 150107b xxu||||| |||| 00| 0 eng d |
| 020 ## - INTERNATIONAL STANDARD BOOK NUMBER | |
| International Standard Book Number | 9780195421644 |
| 050 ## - LIBRARY OF CONGRESS CALL NUMBER | |
| Classification number | BF637.C451686 |
| 100 ## - MAIN ENTRY--PERSONAL NAME | |
| Personal name | Adler, Ronald B. |
| 245 ## - TITLE STATEMENT | |
| Title | Interplay: the process of interpersonal communication. / |
| Statement of responsibility, etc. | Ronald B. Adler. |
| 250 ## - EDITION STATEMENT | |
| Edition statement | Canadian edition. |
| 260 ## - PUBLICATION, DISTRIBUTION, ETC. | |
| Place of publication, distribution, etc. | Canada: |
| Name of publisher, distributor, etc. | Oxford University Press, |
| Date of publication, distribution, etc. | 2006. |
| 300 ## - PHYSICAL DESCRIPTION | |
| Extent | xi, 412p.: |
| Other physical details | ills.; |
| Dimensions | 25cm. |
| 500 ## - GENERAL NOTE | |
| General note | Includes glossary, references and index. |
| 505 ## - FORMATTED CONTENTS NOTE | |
| Formatted contents note | Contents: Foundations of interpersonal communication: interpersonal process -- Communication and the self -- Perceiving others -- Creating and responding to messages: emotions -- Language -- Non-verbal communication -- Listening -- Dimensions of interpersonal relationships: dynamics of interpersonal relationships -- intimacy and distance in relationships -- Communication climate -- Managing conflict -- Contexts of interpersonal communication: communicating with family and at work. |
| 650 ## - SUBJECT ADDED ENTRY--TOPICAL TERM | |
| Topical term or geographic name entry element | Communication. |
| 700 ## - ADDED ENTRY--PERSONAL NAME | |
| Personal name | Rosenfeld, Lawrence B. |
| 700 ## - ADDED ENTRY--PERSONAL NAME | |
| Personal name | Proctor, Russell F. |
| 700 ## - ADDED ENTRY--PERSONAL NAME | |
| Personal name | Winder, Constance. |
| 942 ## - ADDED ENTRY ELEMENTS (KOHA) | |
| Source of classification or shelving scheme | Library of Congress Classification |
| Koha item type | Books |
| Withdrawn status | Lost status | Source of classification or shelving scheme | Damaged status | Not for loan | Home library | Current library | Shelving location | Date acquired | Total Checkouts | Full call number | Barcode | Date last seen | Copy number | Price effective from | Koha item type |
|---|---|---|---|---|---|---|---|---|---|---|---|---|---|---|---|
| Library of Congress Classification | WISCONSIN INTERNATIONAL UNIVERSITY COLLEGE, GHANA - MAIN LIBRARY | WISCONSIN INTERNATIONAL UNIVERSITY COLLEGE, GHANA - MAIN LIBRARY | Reference | 07/01/2015 | BF637.C451686 | 7504/532/13 | 07/01/2015 | 1 | 07/01/2015 | Books |
